名前に「泉」がつく駅 - Statistics

General Stats
  • This quiz has been taken 29 times
  • The average score is 68 of 118
Answer Stats
Hint Answer % Correct
いわき市 | 福島市
100%
泉大津市 泉大津
100%
泉佐野市 泉佐野
100%
平泉町 平泉
96%
いなべ市 | 伊達市 | 富山市 大泉
96%
加賀市 加賀温泉
96%
日光市 鬼怒川温泉
92%
あわら市 芦原温泉
92%
上山市 かみのやま温泉
88%
五泉市 五泉
88%
黒部市 黒部宇奈月温泉
88%
多治見市 小泉
88%
武雄市 武雄温泉
88%
嬉野市 嬉野温泉
88%
泉崎村 泉崎
85%
狛江市 和泉多摩川
85%
七尾市 和倉温泉
85%
和泉市 和泉中央
85%
松山市 道後温泉
85%
霧島市 霧島温泉
85%
大鰐町 大鰐温泉
81%
渋谷区 神泉
81%
練馬区 大泉学園
81%
秦野市 鶴巻温泉
81%
豊岡市 城崎温泉
81%
仙台市 泉中央
77%
笛吹市 石和温泉
77%
和泉市 和泉府中
77%
神戸市 有馬温泉
77%
大泉町 西小泉
73%
黒部市 宇奈月温泉
73%
泉南市 和泉砂川
73%
松江市 松江しんじ湖温泉
73%
大泉町 東小泉
69%
港区 泉岳寺
69%
飯山市 戸狩野沢温泉
69%
長泉町 長泉なめり
69%
菰野町 湯の山温泉
69%
大津市 おごと温泉
69%
阪南市 和泉鳥取
69%
大田市 温泉津
69%
山口市 湯田温泉
69%
大崎市 鳴子温泉
65%
音威子府村 天塩川温泉
62%
青森市 浅虫温泉
62%
二戸市 金田一温泉
62%
福島市 飯坂温泉
62%
長野原町 川原湯温泉
62%
五泉市 北五泉
62%
上田市 別所温泉
62%
松江市 玉造温泉
62%
函館市 湯の川温泉
58%
弟子屈町 川湯温泉
58%
鶴岡市 あつみ温泉
58%
新庄市 泉田
58%
日光市 上三依塩原温泉口
58%
立川市 泉体育館
58%
津市 榊原温泉口
58%
堺市 泉ヶ丘
58%
西粟倉村 あわくら温泉
58%
人吉市 人吉温泉
58%
長井市 今泉
54%
日光市 湯西川温泉
54%
日光市 中三依温泉
54%
大泉町 | 富山市 小泉町
54%
身延町 下部温泉
54%
大和郡山市 大和小泉
54%
大崎市 中山平温泉
50%
日光市 川治温泉
50%
渋川市 小野上温泉
50%
川根本町 接岨峡温泉
50%
新城市 湯谷温泉
50%
下関市 川棚温泉
50%
下郷町 湯野上温泉
46%
富士吉田市 葭池温泉前
46%
北杜市 甲斐小泉
46%
北杜市 甲斐大泉
46%
島田市 川根温泉笹間渡
46%
京丹後市 夕日ヶ浦木津温泉
46%
岩泉町 岩泉小本
42%
秋田市 泉外旭川
42%
八代市 日奈久温泉
42%
一関市 花泉
38%
会津若松市 芦ノ牧温泉
38%
郡上市 みなみ子宝温泉
38%
岸和田市 和泉大宮
38%
貝塚市 和泉橋本
38%
指宿市 薩摩今和泉
38%
大崎市 川渡温泉
35%
足利市 東武和泉
35%
恵那市 花白温泉
35%
大館市 大滝温泉
31%
鹿角市 湯瀬温泉
31%
最上町 赤倉温泉
31%
最上町 瀬見温泉
31%
会津若松市 芦ノ牧温泉南
31%
金沢市 西泉
31%
川根本町 下泉
31%
直方市 中泉
31%
えびの市 京町温泉
31%
北秋田市 阿仁前田温泉
27%
木古内町 泉沢
23%
玉川村 泉郷
23%
前橋市 上泉
23%
美濃市 湯の洞温泉口
23%
球磨村 球泉洞
23%
富山市 堀川小泉
19%
松前町 古泉
19%
釜石市 洞泉
15%
川根本町 奥泉
15%
行橋市 美夜古泉
15%
香春町 柿下温泉口
15%
立山町 越中泉
12%
佐世保市 泉福寺
12%
No matching quizzes found
Score Distribution
Percent of People with Each Score
Percentile by Number Answered
Your Score History
You have not taken this quiz